| 000 | 01237cam a2200337 i 4500 | ||
|---|---|---|---|
| 001 | 200442747 | ||
| 999 |
_c200442747 _d60959 |
||
| 003 | TR-BuUU | ||
| 005 | 20240820142254.0 | ||
| 007 | ta | ||
| 008 | 000000s1976 tu a 000 0 tur d | ||
| 040 |
_aTR-AnTOB _beng _erda _cTR-AnTOB |
||
| 041 | 0 | _atur | |
| 060 |
_aW 84 _bB574 1976 |
||
| 245 | 0 | 0 | _aIV beş yıllık kalkınma planı sağlık sektörü özel ihtisas komisyonu raporu. |
| 264 | 1 |
_aAnkara : _bDevlet Planlama Teşkilatı, _c1976. |
|
| 300 |
_a88 pages : _bcharts ; _c24 cm |
||
| 336 |
_atext _btxt _2rdacontent |
||
| 337 |
_aunmediated _bn _2rdamedia |
||
| 338 |
_avolume _bnc _2rdacarrier |
||
| 490 | 0 |
_aT.C. Başbakanlık Devlet Planlama Teşkilatı ; _vyayın no: DPT: 1516 - ÖİK: 214 |
|
| 504 | _aBIB | ||
| 650 | 2 |
_aHealth Care Sector _9138277 |
|
| 651 | 0 |
_aTurkey _9119714 |
|
| 710 | 2 |
_aDevlet Planlama Teşkilatı (Türkiye) _934114 |
|
| 740 | 0 | _aDördüncü beş yıllık kalkınma planı sağlık sektörü özel ihtisas komisyonu raporu | |
| 740 | 0 | _a4. beş yıllık kalkınma planı sağlık sektörü özel ihtisas komisyonu raporu | |
| 740 | 0 | _aSağlık sektörü özel ihtisas komisyonu raporu | |
| 942 |
_2NLM _cBK |
||